000 02227cam a22005294i 4500
003 PE-LiUPU
005 20250731172955.0
008 150616s r 000 0 d
020 _a8429305882
035 _a(Sirsi) i9788429305883
040 _aPE-LiUPU
_bspa
_cPE-LiUPU
_erda
049 _aPRUA
082 0 4 _a253.7
_bH39
_221
100 1 _aHengel, Martin,
_eautor.
245 1 0 _aSeguimiento y carisma :
_bla radicalidad de la llamada de Jesús /
_cMartin Hengel ; [traducción del alemán de: José Antonio Jauregui].
264 1 _aEspaña :
_bEditorial Sal Terrae,
_c1981.
300 _a132 páginas ;
_c21 centímetros
336 _atext
_2rdacontent
337 _aunmediated
_2rdamedia
338 _avolume
_2rdacarrier
490 0 _aColección Presencia teológica ;
_v7
505 0 _aA propósito de la interpretación de MT 8, 21-22 par -- Consideraciones histórico-religiosas en torno al transfondo carismático-escatológico del seguimiento de Jesús -- La pecularidad carismático-escatológica de la llamada de Jesús a seguirle.
526 _aSEG42
526 _aSEG41
526 _aSEG40
526 _aSEG39
526 _aP94
526 _aP87
526 _aP86
526 _aP85
526 _aP77
526 _aP76
526 _aP35
600 1 _aJesucristo
630 _aBiblia.
_pN.T.
_xComentarios.
700 1 _aJauregui, José Antonio (S.I.),
_etraductor.
910 _ajck
_bjvq
_cjck
942 _2ddc
_cBOOK
949 _a253.7 H39
_wDEWEY
_c1
_i27670
_lCCODEBUL1
_mBUL
_r0
_sY
_tBOOK
_u2015-6-16
_xTEOLOGIA
_zUNKNOWN
_0COMPRA
_o.STAFF. Colección General
949 _a253.7 H39
_wDEWEY
_c2
_i20064
_lCCODEBUL1
_mBUL
_r0
_sY
_tBOOK
_u2015-6-16
_xTEOLOGIA
_zUNKNOWN
_0COMPRA
_o.STAFF. Colección General
994 _aC0
_bPEPRU
596 _a1
999 _a253.7 H39
_wDEWEY
_c22125
_i27670
_f2021-11-29
_g5
_lCCODEBUL1
_mBUL
_r0
_sY
_tBOOK
_u2015-6-16
_xTEOLOGIA
_zUNKNOWN
_0COMPRA
_o.STAFF. Colección General
_d22125
999 _a253.7 H39
_wDEWEY
_c2
_i20064
_f2021-11-12
_g5
_lCCODEBUL1
_mBUL
_r0
_sY
_tBOOK
_u2015-6-16
_xTEOLOGIA
_zUNKNOWN
_0COMPRA
_o.STAFF. Colección General
980 _81
_gALBERTO SANCHEZ Responsable de Automatización